000 00385nam a2200157Ia 4500
005 20240807062227.0
008 240806s9999||||xx |||||||||||||| ||eng||
041 _aeng
082 _a891.4309
_bTALR
100 _aTalavar Veer Bharat
245 0 _aRassakashi /
_cTalavar Veer Bharat
260 _bSaransh Prakashan Delhi
300 _a412
650 _aGeneral Studies
942 _cBK
999 _c12375
_d12375